[Event "Imre Konig Memorial 1st"]
[Site "San Francisco"]
[Date "2002.09.11"]
[Round "6"]
[White "Atalik, Suat"]
[Black "Fedorowicz, John P"]
[Result "1/2-1/2"]
[WhiteElo "2551"]
[BlackElo "2509"]
[Annotator "Atalik,S"]
[PlyCount "89"]
[EventDate "2002.09.04"]
[EventType "tourn"]
[EventRounds "9"]
[EventCountry "USA"]
[EventCategory "12"]
[SourceTitle "CBM 092"]
[Source "ChessBase"]
[SourceDate "2003.02.06"]
[SourceVersion "1"]
[SourceVersionDate "2003.02.06"]
[SourceQuality "1"]

1. d4 Nf6 2. c4 e6 {Recently Fed added Queen's Indian to his armour against 1.
d4.} 3. Nf3 b6 4. a3 Ba6 (4... c5 5. d5 Ba6 6. Qc2 {is another way to reach
into the game position.} (6. Nc3 $5 Bxc4 7. e4 Bxf1 8. Rxf1 $44)) 5. Qc2 c5 6.
d5 ({I believe} 6. e4 cxd4 7. e5 Ng8 8. Nxd4 $14 {is simply better for white
but nothing more than that.}) 6... exd5 7. cxd5 g6 {Playing Benoni style fits
in Fed.} 8. Bf4 $5 {A forcing line.} d6 $8 {looks like forced!} ({During the
game} 8... Bb7 $2 {has caught my eye.} 9. Nc3 (9. e4 Qe7 10. Be5 $16 (10. Bd3
Nxd5 11. Bg5 f6 12. O-O fxg5 13. exd5 $40)) 9... Nxd5 10. Qe4+ Qe7 11. Qxd5
Bxd5 12. Nxd5 Qd8 13. Be5 $18) 9. Nc3 Bg7 10. Qa4+ {The point.} Qd7 11. Bxd6
Qxa4 12. Nxa4 Nxd5 13. O-O-O Ne7 $6 {This move is chosen more often recently.}
({However things are not crystal clear after} 13... Nf6 $142 14. Nc3 Nc6 15. e4
(15. g3 $6 {is a strange recommendation of Garry !} Ng4 16. Bg2 (16. e3 Bb7) (
16. e4 Bb7 17. Rd2 O-O-O 18. Bh3 h5 19. Rhd1 Na5 $17) 16... Nxf2 17. Ne5 Nxe5
18. Bxa8 Nxd1 19. Rxd1 f5 $15) 15... Bxf1 16. Rhxf1 O-O-O (16... Rd8 $6 17. e5
Ng4 18. Nd5 Rd7 19. h3 $16) 17. Ng5 (17. Bg3 Nd4 $1 (17... Nh5 18. Nb5) 18. Be5
Nc6 $11) 17... Rd7 18. Bf4 Nd4 19. Be5 h6 20. Nf3 Nxf3 (20... Re8 $5 21. Nxd4
Rxe5 22. f4 cxd4 $6 (22... Re8 23. Ndb5 Nxe4 24. Nxe4 (24. Rxd7 Kxd7 25. Rd1+
Bd4 26. Nxd4 Nxc3 27. bxc3 cxd4 28. Rxd4+ Kc6 29. Kd2 $11) 24... Rxe4 25. Nd6+
Rxd6 26. Rxd6 Re2 27. b4 $1 (27. Rd2 Rxd2 28. Kxd2 Bxb2 29. a4 Kd7 $15) 27...
Bb2+ 28. Kd1 Rxg2 29. bxc5 Bxa3 30. Rf6 Bxc5 31. Rxf7 a5 32. Rh7 (32. Re1 Kd8 (
32... Rg1 33. Rxg1 Bxg1 34. h4) 33. Re6 $40) 32... a4 33. Re1 Kd8 34. Re4 b5
35. Re5 a3 36. Rd5+ Ke8 37. Rxc5) 23. fxe5 Ng4 24. Nd5 Nxh2 25. Rf6 $3 Bxf6 26.
Nxf6 Rc7+ 27. Kd2 h5 28. Nd5 $16 {Vaganian-Tukmakov,Yerevan 1980.}) 21. gxf3
Rhd8 22. Rxd7 Rxd7 23. f4 Nh5 (23... Rd3 24. Rg1 Bh8 25. Rg3 $14) 24. Nd5 $14)
14. e4 Bxf1 15. Rhxf1 Nbc6 16. Nc3 Bxc3 {This was believed to be the best but
does not fully solve black's problems in my opinion.} (16... Rd8 17. Nb5 Rd7
18. Bf4 $1 $16 {Kasparov-Gligoric,Bugojno 1982.}) 17. bxc3 O-O $146 {Fed shows
his experience and sens of danger.} (17... O-O-O $2 18. Bxe7 (18. Ng5 Rdf8 19.
e5 f6 {Draw agreed in Soln-Psakhis,Dresden(zt) 1998.Did P.S try to qualify
there?}) 18... Nxe7 19. Ne5 Rdf8 20. Rd6 $1 f5 21. Re6 $1 (21. Rfd1 Rd8) 21...
Re8 22. Nf7 Rhg8 23. Rd1 $1 $18) (17... f6 18. e5 (18. Rfe1 O-O-O $14) (18. Bg3
$5 $40) 18... fxe5 (18... f5 19. Rfe1 $16) 19. Bxe5 Rf8 20. Bc7 $1 Rc8 21. Bd6
$14) (17... Rd8 $6 {That was believed to be the equalizer.} 18. Be5 $1 {
Dreev's bigtime novelty.} Rxd1+ (18... O-O 19. Bf6) 19. Rxd1 Nxe5 20. Nxe5 f6
21. Nd7 Kf7 22. Rd6 Nc8 23. Rc6 Rd8 24. e5 $1 f5 (24... fxe5 25. Nxe5+ Ke7 26.
f4 $1 Rf8 27. Rc7+ Kd6 28. Rd7+ Ke6 29. g3 g5 30. Rxh7 $18) 25. Nf6 Ne7 26. Rc7
Ke6 27. f4 h6 28. Rxa7 g5 29. Nh5 $1 $18 {Dreev-Vallejo Pons,Biel 2002.}) 18.
Bxe7 $1 {I did not want that Bd6 got stuck if it would have been anchored
there with e5.} (18. e5 Rfe8 19. g4 h6 $1 (19... Na5 $6 20. Nd2 (20. Bc7 Nec6)
20... Nc8 21. Bc7 Re7 22. Ne4 $1 Rxc7 23. Nf6+ Kh8 24. Rd8+ Kg7 25. Rg8+ Kh6
26. h4 $18) 20. h4 Rad8 $132 (20... Na5 21. Nd2 Kg7 22. f4 Nec6 $14) 21. Nd2
$140 $2 Nc8 $1 22. Ne4 Nxd6 23. Nf6+ Kf8 24. exd6 Re6 $17) 18... Nxe7 19. Rd6
$1 {Keeping the black knight away and bringing his one forward.} (19. Rd7 Nc6
20. Rfd1 f6 (20... Rac8 $6 21. R1d6 $1 f6 22. Re6 Rf7 23. Rdd6) 21. R1d6 Rad8
22. Rxd8 Nxd8 23. Rd7 Nc6 24. Rc7 Ne5 25. Nxe5 fxe5 26. f3 Rf7 $11) 19... Rac8
(19... Rae8 20. Re1 $1) 20. Ne5 Rc7 21. Rfd1 $16 {White is clearly better!} ({
The following lines do not bring happiness.} 21. g4 Kg7 22. g5 f5) (21. f4 Rfc8
) 21... Rfc8 (21... Kg7 22. Rd7 Rfc8 23. R1d6 $16) 22. Rf6 $2 {Here I have
lost the track in the game.Alex as usual indicated me how to demonstrate
whites edge right after the game.} (22. Rd7 {Yermo} Kf8 $8 (22... f6 23. Nc4 b5
(23... Kf7 24. Nd6+ Ke6 25. Nxc8 Rxd7 26. Rxd7 Kxd7 27. Nxa7 $18) (23... Nc6
24. a4 Rxd7 25. Rxd7 Re8 26. f3 (26. Rc7 Ne5 (26... Rxe4 27. Nd6) 27. Nxe5 Rxe5
28. f3 f5 29. exf5 Re2 30. fxg6 (30. f6 Rxg2 $11) 30... hxg6 $11) 26... Re7 27.
Rd6 Ne5 28. Nxe5 fxe5 29. a5 $18) 24. Rxc7 Rxc7 25. Rd8+ Kg7 26. Nd6 $18) 23.
Nc4 (23. Ng4 h5 24. Nf6 Ng8 $11) 23... Nc6 24. a4 Rxd7 25. Rxd7 Re8 26. Rc7 (
26. f3 Re7 27. Rd6 Re6 28. Rxe6 fxe6 $11) 26... Ne5 27. Nxe5 Rxe5 28. Rxa7 Rxe4
29. Kd2 $16) 22... Nc6 23. Rxc6 Rxc6 24. Nxc6 Rxc6 25. Rd7 {Whites advantage
is only optical.} a6 26. Kd2 (26. a4 b5 27. a5 Re6 $11) 26... b5 (26... g5 27.
Ke3) 27. f4 {Not much to do.} (27. Ke3 Rb6 (27... a5 $6 28. Ra7 b4 29. Rxa5 b3
30. Rb5 c4 31. Kd4 $16) 28. Rc7 b4 $11) (27. e5 f6 28. exf6 Rxf6 29. Ke3 Re6+
$11) 27... h5 $6 {This does not spoil everything but Black could have equalize
on the spot.} (27... b4 28. axb4 cxb4 29. cxb4 Rc4 30. Rb7 Rxe4 31. g3 Re6 $11)
28. Kd3 (28. e5 b4 29. axb4 cxb4 30. cxb4 Rc4 $11) 28... a5 29. Ra7 Rd6+ 30.
Kc2 Re6 31. e5 (31. Rxa5 Rxe4 32. Rxb5 Rxf4) 31... f6 32. exf6 $6 {I could
have created more difficulties with 32.Ra5 but still it is a draw.} (32. Rxa5
fxe5 33. fxe5 $1 (33. Rxb5 exf4 34. Rxc5 (34. Kd3 Re3+ 35. Kd2 Re5 36. a4 Rg5)
34... Re2+ 35. Kd3 Rxg2) 33... Rxe5 34. Rxb5 Re2+ 35. Kb3 Rxg2 36. h4 (36. a4
Rxh2 37. a5 Rh1 38. Kc4 (38. Ka2 Rh4 39. Rxc5 Ra4+ 40. Kb3 Ra1 $11) 38... Ra1
39. Kxc5 h4) 36... Rg4 $1 (36... c4+ 37. Kxc4 Rg4+ 38. Kd5 Rxh4 39. c4) 37.
Rxc5 (37. a4 Rxh4 38. a5 Rh1 $11) 37... Rxh4 38. a4 Rh1 $11) 32... Re2+ 33. Kd3
Rxg2 34. Rxa5 Rxh2 35. Rxb5 Kf7 {Safe.} (35... Rh3+ 36. Ke4 Rxc3 37. Rb7 $11)
36. Rxc5 Kxf6 37. Ke4 (37. a4 $6 Ra2 38. a5 h4 {could be dangerous!}) 37...
Re2+ 38. Kf3 Ra2 $11 {Now we went merry go round around!} 39. Rc6+ Kf5 40. Rc5+
Kf6 41. Ra5 Rc2 42. Ra6+ Kf5 43. Ra5+ Kf6 44. Rc5 Ra2 45. Ra5 1/2-1/2

[Event "EU-Cup 15th Gr6"]
[Site "Budapest"]
[Date "1999.10.12"]
[Round "2"]
[White "Atalik, Suat"]
[Black "Bistric, Faruk"]
[Result "1/2-1/2"]
[WhiteElo "2598"]
[BlackElo "2466"]
[Annotator "Atalik,S"]
[PlyCount "187"]
[EventDate "1999.10.11"]
[EventType "team-k.o."]
[EventRounds "3"]
[EventCountry "HUN"]
[SourceTitle "EXT 2020"]
[Source "ChessBase"]
[SourceDate "2019.10.17"]
[SourceVersion "1"]
[SourceVersionDate "2019.10.17"]
[SourceQuality "1"]
[WhiteTeam "Podgorica Montenegrobanka"]
[BlackTeam "Sarajevo SK"]
[WhiteTeamCountry "MNE"]
[BlackTeamCountry "BIH"]

1. d4 Nf6 2. c4 e6 3. Nf3 b6 4. a3 Bb7 5. Nc3 Ne4 {A speciality of IM Faruk
Bistric.} 6. Nxe4 Bxe4 7. e3 $5 ({I did not want to go} 7. Bf4 {because after}
d6 8. e3 Nd7 9. Bd3 Bxd3 10. Qxd3 g6 11. O-O Bg7 {I do not particularly like
Bf4's standing.}) 7... Qf6 $5 $146 (7... c5 8. Bd3 Bxd3 9. Qxd3 cxd4 10. Qxd4
$5 (10. Nxd4 Nc6 11. Nxc6 dxc6 12. Qe4 $14) 10... Nc6 11. Qd3 Be7 12. e4 $14)
8. Ne5 $5 {A very daring move.} (8. Bd3 $1 {was consistent.} Bxf3 $1 (8... Bxd3
9. Qxd3 Qg6 10. e4 Qxg2 (10... d5 11. cxd5 exd5 12. O-O $1 dxe4 13. Re1 $1 {
During the game I could not calculate this simple line.}) 11. Rg1 Qh3 12. Bf4
d6 13. O-O-O $44) 9. Qxf3 Qxf3 10. gxf3 Nc6 $14) 8... Bd6 $1 (8... d6 9. Ng4
Qd8 10. f3 $16) 9. Qg4 $5 {Agressive.} (9. f3 Bb7 10. Ng4 Qe7 (10... Qh4+ 11.
Nf2) 11. Nf2 (11. e4 f5) 11... f5 12. g3 c5 13. Bg2 O-O 14. O-O $14) 9... Bb7
10. f4 h5 $5 (10... c5 11. Bd2 Nc6 12. Bc3 cxd4 13. exd4 h5 14. Qf3) 11. Qe2 c5
12. Bd2 Nc6 13. Qf2 Bxe5 14. dxe5 Qg6 15. Bc3 $14 Ne7 16. O-O-O Be4 (16...
O-O-O 17. Rg1 Be4) 17. Rg1 a6 $6 {Needless.} (17... O-O-O $1 18. Be2 f6 19. h3
$5 $36 (19. g4 hxg4 20. Rxg4 Qh6 $8 (20... Qf7 21. Rxg7 Qxg7 22. exf6 Qh7 23.
fxe7 Qxe7 24. Bxh8) 21. Rxg7 Qxh2 22. Qxh2 Rxh2)) 18. g4 $6 {Again white shows
too much of agression.} (18. Be2 b5 19. g4 $13) (18. Qd2 Ra7 (18... O-O-O $6
19. Qd6 Nc6 20. b4 $16) 19. Be2) 18... hxg4 19. h3 g3 $1 {Playing for the
structure.} (19... Bf3 20. Rd2) 20. Rxg3 Qh7 21. Bg2 Rg8 $6 {After this one I
was in between two moves ,in other words which onre to chose first was my
problem.} (21... O-O-O 22. Rd6 (22. f5 $2 Qxf5 $19 (22... exf5 $6 23. Bxe4 fxe4
24. Qxf7 Nf5 25. Qd5 Kb8 26. Rg5 Qxh3 27. e6 dxe6 $1 28. Qe5+ Ka8 29. Qxe4+ Ka7
30. Rdg1 $132)) 22... Nc6 23. Bf3 $13 (23. Rxg7 Qxg7 24. Bxe4 Rxh3)) 22. Bf3 $2
(22. Rg5 $1 Rd8 (22... O-O-O $2 23. f5 $1 Qh6 (23... Bxf5 24. Qf3 Nc6 25. Rd6
$18) 24. h4 exf5 25. Rd6 $18) 23. Bf3) 22... O-O-O $1 23. Rg5 Rh8 $3 {A deep
conception.} 24. f5 $1 (24. Rh5 $2 Qxh5 25. Bxh5 Rxh5 $17 {As white cannot
disturb Be4 he can only stand worse in this kind of position.}) 24... Bc6 $1 {
Excellent defence in time trouble.} (24... exf5 25. Bxe4 fxe4 26. Qxf7 $16) (
24... Bxf5 $2 25. Rh5 Qg8 (25... Qxh5 $2 26. Bxh5 Rxh5 27. Qf3 $18) 26. Rxh8
Qxh8 27. Rd6 $1 (27. b4 $2 Nc6 (27... Qh7 28. bxc5 bxc5 29. Rd6) 28. bxc5 bxc5
29. e4 Bg6) (27. e4 $2 Bg6 28. b4 Bh5 $1) 27... Nc6 $5 (27... Kc7 28. b4 Qxh3
29. bxc5 $18) 28. Qg2 $3 (28. Bxc6 dxc6 29. Rxc6+ Kb7 30. Qg2 Qxh3) 28... Bxh3
29. Qh1 $1 $18) 25. f6 gxf6 26. exf6 Nf5 27. Bg4 (27. Bxc6 $2 dxc6 28. Rxd8+
Rxd8 29. Qf3 Kb7 $15) (27. Rh5 $2 Qxh5 28. Bxh5 Rxh5 29. e4 Bxe4 30. Qe2 Rh4 $1
(30... Ng3 $2 31. Qg4 $18) 31. Be1 Rf4 $17) 27... Nh6 28. Be2 Nf5 29. Bg4 Nh6
30. Rg7 $2 (30. Be2 $11) 30... Qe4 31. Qf4 Nxg4 32. hxg4 Rdf8 $2 $138 (32...
Qg2 $1 33. Qf1 $15 (33. Rxf7 $2 Ba4 34. b3 Bxb3 35. Rd2 e5 $3 36. Qxe5 Qf1+ 37.
Kb2 Bxc4 {and black's attack is irresistable.})) 33. Qxe4 Bxe4 34. b4 (34. Be5
$1 {I was asked right after the time trouble by many people why I had not
chose this obvious move.The thing is that still I was fantasizing to win the
game as this move just leads to a draw.} d5 35. Bd6 Rd8 36. Be7 Rh2 37. Bxd8
Rc2+ 38. Kb1 Rd2+ 39. Kc1 $11 (39. Ka2 $2 Rxd1 40. Bxb6 dxc4 $1 $19)) 34... Rh2
35. Rd2 Rxd2 36. Kxd2 Kc7 37. Rg5 $6 (37. a4 d5 38. cxd5 exd5 39. a5 $11) 37...
d6 38. Rh5 $2 (38. a4 cxb4 39. Bxb4 a5 40. Bc3 Bc6 41. Rh5 Bxa4 42. g5 $132)
38... Kc6 39. Ke2 Rg8 40. g5 {Draw offer.} b5 $1 $19 41. bxc5 dxc5 42. Rh4 Bg6
43. Kf3 Rd8 $1 (43... bxc4 44. Rxc4 Bd3 45. Rg4) 44. cxb5+ axb5 45. Rh1 Ra8 $2
(45... Rd3 46. Rc1 Kd5 $19) 46. Bb2 Kd5 47. Rh4 Rg8 (47... Ra4 48. Rh6 $132)
48. Bc1 e5 49. e4+ Kc4 50. Rh2 b4 51. axb4 (51. Rc2+ Kb5 (51... Kb3 $2 52. Rxc5
bxa3 53. Bxa3 $1 Kxa3 54. Rxe5 $11) (51... Kd3 52. Rd2+ Kc3 53. Rd5 $11) 52.
axb4 cxb4 53. Be3 b3 $19) 51... cxb4 52. Bb2 Kd3 $1 (52... Re8 $2 53. Rd2 $11)
53. Bxe5 Bxe4+ 54. Kf4 Bg6 55. Rb2 Kc4 56. Rd2 Bd3 57. Ra2 Rc8 $1 58. Ra7 Bg6
$19 {This endgame is surprisingly without any chance for white.} 59. Rb7 (59.
Ke3 Kb3 $19 (59... Rc5 $5 60. Rc7 Rxc7 61. Bxc7 Kb3 $1 (61... Kc3 62. Ba5 Bh5
63. g6 Bxg6 64. Ke2 $11) 62. Kd2 (62. Bd6 $2 Kc3 $19) 62... Kb2 $3 (62... Ka2
$2 63. Kc1 $11) 63. Be5+ Kb1 64. Bf4 $1 (64. Bd6 b3 65. Kc3 Ka2 $19) 64... Bh5
(64... b3 $2 65. Kc3 b2 (65... Ka2 66. Bc1 $11) 66. Kb3 $11) 65. Be3 b3 66. Kc3
b2 67. g6 Ka2 $1 68. g7 b1=Q 69. g8=Q Qb2+ 70. Kc4 Be2+ 71. Kd5 Bf3+ 72. Kc4
Qb3+ 73. Kd4 Kb2 $3 74. Bd2 Qd5+ 75. Ke3 Qe4+ 76. Kf2 Qe2+ 77. Kg1 Qxd2 $19))
59... Rc6 60. Rd7 Kb3 61. Ra7 (61. Rb7 Rc4+ 62. Kg3 Kc2 63. Kf2 b3 64. Rb5 (64.
Kg3 Rc3+ 65. Bxc3 Kxc3 66. Rc7+ Kd2 67. Rb7 Kc2 68. Rc7+ Kb1 69. Kf2 b2 70. Ke2
Ka2 71. Ra7+ Kb3 72. Rb7+ Kc3 $19) 64... Rc3 $3 65. Bxc3 Kxc3 $19) 61... Rc4+
62. Kf3 Re4 (62... Kc2 63. Ra2+) 63. Bf4 Re6 64. Re7 Rb6 65. Ke3 Rc6 66. Ra7
Rc3+ 67. Kd4 Rc4+ 68. Ke3 Kc2 69. Ra2+ $138 Kc3 70. Be5+ Kb3 71. Ra5 $8 Rg4 72.
Bd6 Re4+ 73. Kf3 Re6 74. Bf4 Kc4 75. Ra4 Kc3 76. Ra7 b3 77. Rc7+ Kb2 $19 78.
Be3 Kb1 79. Bd4 Rd6 (79... b2 80. Re7 Rd6 81. Be5 Rb6 $19) 80. Be5 Rd3+ 81. Kf4
b2 82. Rb7 Rd2 83. Bc3 Rc2 84. Bd4 Kc1 85. Be3+ Kd1 86. Bd4 Rc4 87. Rxb2 Rxd4+
88. Ke5 Rg4 89. Kd6 Rxg5 $2 {Makes things more difficult.} (89... Re4 $19) 90.
Ke7 Re5+ $4 (90... Rf5 $1 {Luther} 91. Rb6 $1 (91. Ra2 $2 Ke1 92. Rb2 Kf1 93.
Ra2 Rf2 94. Ra8 Kg2 95. Rg8 (95. Rf8 Re2+ $19) 95... Kg3 96. Rg7 Kg4 97. Rxf7
Bxf7 98. Kxf7 Kg5 $19) 91... Ke2 92. Kf8 Kf3 93. Kg7 Kg4 94. Rb1 Rd5 95. Rg1+
Kf5 96. Rf1+ Ke6 97. Re1+ Re5 98. Rg1 Re2 99. Ra1 Bd3 100. Ra7 Rg2+ 101. Kf8
Bg6 102. Ra6+ Ke5 103. Rb6 Bh5 104. Ra6 (104. Rb5+ Kxf6 105. Rxh5 Ra2 $19) (
104. Ke7 Kf5 $1 105. Rb5+ Kg6 106. Rxh5 Re2+ 107. Kf8 Kxh5 108. Kxf7 Kh6 109.
Kg8 Rg2+ 110. Kf8 Kg6 $19) 104... Be2 105. Rb6 Bc4 $19) 91. Kf8 Re2 92. Rb7 Rf2
93. Rxf7 Bxf7 94. Kxf7 1/2-1/2

[Event "GRE-chT 32nd"]
[Site "Kallithea"]
[Date "2003.07.06"]
[Round "3"]
[White "Atalik, Suat"]
[Black "Gelashvili, Tamaz"]
[Result "0-1"]
[WhiteElo "2599"]
[BlackElo "2520"]
[Annotator "Atalik,S"]
[PlyCount "68"]
[EventDate "2003.07.04"]
[EventType "team-tourn"]
[EventRounds "9"]
[EventCountry "GRE"]
[SourceTitle "CBM 095 Extra"]
[Source "ChessBase"]
[SourceDate "2003.09.04"]
[SourceVersion "1"]
[SourceVersionDate "2003.09.04"]
[SourceQuality "1"]

1. d4 Nf6 2. c4 e6 3. Nf3 b6 4. a3 Ba6 5. Qc2 Bb7 6. Nc3 c5 7. e4 cxd4 8. Nxd4
Nc6 9. Nxc6 Bxc6 10. Qe2 $5 {Tkachiev's move.} Qc7 $5 {The fact that
Chiburdanidze played this is a good proof that Georgians analysed this
together.} 11. e5 $1 {Of course this is the real test of the variation.} Ng8 {
Before this I was pondering about a possibly stronger alternative.} 12. Bf4 $5
{Looks like the most regular move.} Ne7 13. O-O-O a6 $1 {This head a cold
shower effect on me.Black is about to start some serious activity on the
queenside. Besides the Ne7 is about to find a place on the queenside to join
the attack.} 14. h4 $1 {I had to be quick even if I jettison a pawn for
activity.} (14. Kb1 Qb7 $1 $40 (14... b5 $2 15. cxb5 axb5 16. Nxb5 Bxb5 17.
Qxb5 Nd5 18. Rxd5 exd5 19. Qxd5 (19. e6 Qc6 20. exd7+ Kxd7 21. Bd3 $16) 19...
Rc8 20. Bb5 $16)) (14. Ne4 $6 Ng6 15. Nd6+ Bxd6 16. exd6 Nxf4 17. Qe3 Qd8 18.
Qxf4 O-O $15) 14... b5 15. Rh3 (15. Rd4 $6 Ng6 16. Bg3 b4) 15... bxc4 16. Rd4
Nd5 17. Bh2 Nb6 18. h5 $44 {White has compensation for the sacrificed material.
} Rb8 19. Qd2 {I rightfully decided not to touch the pawn for awhile.} (19. h6
$2 g6 20. Ne4 Bxe4 21. Qxe4 Be7 22. Rc3 O-O 23. Bxc4 Na4 24. Rc2 Rxb2 $19)
19... Qb7 20. Rg4 h6 $5 (20... Nd5 21. Bxc4 (21. Rxc4 $2 Bxa3 22. bxa3 Nxc3 23.
Rb4 Nb5 24. a4 (24. Qg5 Rg8 25. h6 Qb6 26. hxg7 Qxf2 27. Qf6 Qe1+ 28. Kb2 Be4
$19) (24. h6 g6 25. Qf4 Bxg2 26. Qf6 Rc8+ 27. Kb2 Rf8 $19) 24... Rc8 (24...
Bxg2 25. Bxb5 Rc8+ 26. Rc3 Rxc3+ 27. Qxc3 axb5 28. Rxb5 Qa8 29. Qb4 $18) 25.
Kb2 Bxg2 $19) 21... Bxa3 22. bxa3 Nxc3 23. Qxc3 Qb1+ 24. Kd2 Rb2+ 25. Ke3 Rc2
26. Qb4 Qc1+ 27. Kd4 Qd1+ 28. Kc5 Qxg4 29. Qb8+ Ke7 30. Qd6+ $11) 21. Rhg3 Nd5
{Now he decided to go for it.} 22. Bxc4 {I have decided to go for it.} (22.
Rxc4 $6 Bb5 $1 ({The sacrifice does not work now.} 22... Bxa3 $1 23. bxa3 Nxc3
24. Rb4 Nb5 25. a4 $18) 23. Nxb5 axb5 24. Rb3 Qa8 25. Rc2 b4 $17) (22. Nxd5 $2
exd5 23. Rxg7 (23. Rf4 Be7 $1) 23... Bxg7 24. Rxg7 Qb3 $17) 22... Bxa3 $1 {
This does not win but, it has to be played.} 23. Nxd5 $2 {Good or bad I had to
accept it!} (23. bxa3 Nxc3 24. Qxc3 $1 (24. Qc2 $6 Ba4 (24... Qb1+ 25. Qxb1
Rxb1+ 26. Kc2 Rh1 27. Kxc3 Rxh2 28. Rxg7 Rxh5 29. f4 $44) 25. Qxc3 Qb1+ 26. Kd2
Rb2+ 27. Ke3 Rc2 28. Qb4 Qc1+ 29. Kd4 Bb5 $1 30. Bxb5 axb5 31. Qxb5 Qd2+ 32.
Ke4 f5+ 33. exf6 Rc4+ 34. Qxc4 d5+ 35. Ke5 dxc4 36. fxg7 Qd5+ 37. Kf4 Rg8 $5
$17) 24... Qb1+ 25. Kd2 Rb2+ 26. Ke3 Rc2 27. Qb4 Qc1+ (27... Rb2 28. Qc3 $11)
28. Kd4 Qa1+ (28... Bb5 29. Bd3 (29. Bxb5 axb5 30. Qxb5 Qd2+ 31. Ke4 f5+ 32.
exf6 Rc4+ 33. Qxc4 d5+ 34. Ke5 dxc4 35. fxg7 Qd5+ 36. Kf4 Rg8 $17 {We have
seen this movie before no?}) 29... Qa1+ 30. Ke3 Rc3 31. Rd4 Qc1+ (31... Qe1+ $2
32. Kf4 Qxf2+ 33. Kg4 Rxd3 34. Rdxd3 Qf5+ 35. Kh4 g5+ 36. hxg6 fxg6 37. Rgf3
Qh5+ 38. Kg3 Qxe5+ 39. Kf2 Qxh2 40. Qc3 $3 $18) 32. Ke2 Qc2+ 33. Ke1 Qc1+ $11)
29. Kd3 (29. Rc3 Qd1+ 30. Bd3 Qxg4+ 31. f4 Rxc3 32. Qb8+ Ke7 33. Qd6+ $11))
23... Qxb2+ $2 {This somehow surprised me.} (23... Bxb2+ 24. Kd1 exd5 25. Bb3
Bxe5 26. Re3 d6 27. f4 Qb4 28. Rxg7 Qxd2+ 29. Kxd2 Kf8 30. fxe5 Kxg7 31. exd6
Rhd8 $19) 24. Qxb2 Bxb2+ 25. Kd2 $2 (25. Kc2 Bxe5 (25... exd5 26. Bxa6 d6 27.
exd6 Kd7 $11) 26. Nc3 O-O 27. f4 Bf6 28. Bxa6 d5 29. Bg1 Ra8 30. Bd3 $13 {
Black has compensation but nothing more.}) 25... Bxe5 $1 {Sacrificial style is
needed to deal with the position.} (25... exd5 26. Bxa6 Bxe5 27. Re3 d6 28.
Bxe5 dxe5 29. Rxe5+ Kd7 30. Rxg7 $40) 26. Nc3 $5 $138 (26. Ne3 O-O $1 (26... f5
$6 27. f4 Bf6 28. Rg6 Ke7 29. Bxa6 Rb2+ 30. Kc1 Rhb8 31. Rxg7+ Bxg7 32. Rxg7+
Kf8 33. Rh7 Rb1+ 34. Kd2 R8b2+ 35. Kc3 Rb3+ 36. Kd4 Rb4+ 37. Kc5 R4b3 38. Kd4
$11) 27. Rh3 f5 28. Bxe5 fxg4 29. Nxg4 Rb4 30. Kc3 Ra4 31. Rg3 Ra3+ 32. Kd4
Rxg3 33. Bxg3 $17) (26. Rxg7 $2 exd5 27. Re3 d6 28. Bxa6 Kf8 $19) 26... Rb2+
27. Ke1 Rc2 28. Nd1 $2 {one mistake follows the other.} (28. Ne2 f5 29. Rh4 Bf6
30. Rf4 e5 31. Re3 Kd8 32. Rxf5 Rxc4 33. Bxe5 $17 {offers plenty of chances to
stay in the fight.}) 28... f5 $19 29. Ne3 {Everything falls.} (29. Rh4 f4 30.
Re3 Bc7 $19) 29... Bc3+ 30. Kd1 Rd2+ 31. Kc1 fxg4 32. Nxg4 (32. Nf1 Rxf2 33.
Rxc3 Rxg2 $19) 32... Rd4 33. Ne5 Bd2+ 34. Kb2 Bf4 {Curtains!} 0-1